| 000 | 00343nam a22001457a 4500 | ||
|---|---|---|---|
| 003 | NUST | ||
| 020 | _a9693500253 | ||
| 082 | _a923.5,SHA | ||
| 100 |
_aShahab, Qudrat Ullah _951134 |
||
| 245 |
_aShahab Nama / _cQudrat Ullah Shahab |
||
| 260 |
_aLahore _bSang-e-Meel _c2005 |
||
| 300 | _a893 p | ||
| 650 |
_aSwaneh _9123615 |
||
| 942 |
_2ddc _cFIC |
||
| 999 |
_c594300 _d594300 |
||